[Event "EIRCC 2019"]
[Site "Tallinn"]
[Date "2019.12.05"]
[Round "3.16"]
[White "Khakimov, Timur"]
[Black "Stupak, Kirill"]
[Result "1/2-1/2"]
[WhiteElo "2253"]
[BlackElo "2552"]
[Annotator "ChessBase"]
[PlyCount "75"]
[EventDate "2019.12.05"]
[EventType "swiss"]
[EventCountry "EST"]
[SourceTitle "playchess.com"]
[Source "ChessBase"]
[SourceQuality "1"]
[TimeControl "900+10"]

1. d4 {[%emt 0:00:00]} g6 {[%emt 0:00:11]} 2. Nf3 {[%emt 0:00:00]} Bg7 {[%emt 0:00:01]} 3. Nc3 {[%emt 0:00:02]} Nf6 {[%emt 0:00:28]} 4. Bf4 {[%emt 0:01:14]} O-O {[%emt 0:01:11]} 5. e4 {[%emt 0:00:10]} d6 {[%emt 0:00:44]} 6. Qd2 {[%emt 0:00:05]} c6 {[%emt 0:00:42]} 7. O-O-O {[%emt 0:00:17]} b5 {[%emt 0:00:03]} 8. e5 {[%emt 0:00:10]} b4 {[%emt 0:01:02]} 9. exf6 {[%emt 0:00:22]} bxc3 {[%emt 0:00:01]} 10. Qxc3 {[%emt 0:00:02]} Bxf6 {[%emt 0:00:01]} 11. Bh6 {[%emt 0:00:11]} Re8 {[%emt 0:00:12]} 12. h4 {[%emt 0:00:02]} Bg4 {[%emt 0:00:34]} 13. h5 {[%emt 0:00:14]} Nd7 {[%emt 0:01:01]} 14. hxg6 {[%emt 0:00:08]} hxg6 {[%emt 0:00:18]} 15. Bc4 {[%emt 0:01:24]} d5 {[%emt 0:00:29]} 16. Bb3 {[%emt 0:00:14]} e5 {[%emt 0:07:45]} 17. Qxc6 {[%emt 0:01:49]} e4 {[%emt 0:00:10]} 18. Ne5 {[%emt 0:00:18]} Nxe5 {[%emt 0:00:25]} 19. dxe5 {[%emt 0:00:11]} Bg5+ {[%emt 0:00:01]} 20. Rd2 {[%emt 0:01:12]} Bxh6 {[%emt 0:01:56]} 21. Rxh6 {[%emt 0:00:06]} Qg5 {[%emt 0:00:06]} 22. Rh1 {[%emt 0:00:58]} Be6 {[%emt 0:00:00]} 23. Qc3 {[%emt 0:00:51]} Qxg2 {[%emt 0:00:42]} 24. Rhd1 {[%emt 0:00:08]} Qg5 {[%emt 0:00:30]} 25. Qe3 {[%emt 0:00:42]} Qxe5 {[%emt 0:00:22]} 26. Bxd5 {[%emt 0:00:05]} Bxd5 {[%emt 0:00:07]} 27. Rxd5 {[%emt 0:00:01]} Qf6 {[%emt 0:00:01]} 28. Rd6 {[%emt 0:00:38]} Re6 {[%emt 0:00:22]} 29. Rxe6 {[%emt 0:00:45]} Qxe6 {[%emt 0:00:01]} 30. a3 {[%emt 0:00:11]} a6 {[%emt 0:00:08]} 31. Rh1 {[%emt 0:00:06]} Re8 {[%emt 0:00:22]} 32. Qh6 {[%emt 0:01:51]} Qf6 {[%emt 0:00:00]} 33. Qh7+ {[%emt 0:00:02]} Kf8 {[%emt 0:00:01]} 34. Qh6+ {[%emt 0:00:06]} Kg8 {[%emt 0:00:06]} 35. Kb1 {[%emt 0:00:16]} Qg7 {[%emt 0:00:20]} 36. Qf4 {[%emt 0:00:05]} Qe5 {[%emt 0:00:10]} 37. Qh6 {[%emt 0:00:14]} Qg7 {[%emt 0:00:03]} 38. Qf4 {[%emt 0:00:02]} 1/2-1/2

[Event "EIRCC 2019"]
[Site "Tallinn"]
[Date "2019.12.05"]
[Round "3.17"]
[White "Ruck, Robert"]
[Black "Chukavin, Kirill"]
[Result "1/2-1/2"]
[WhiteElo "2551"]
[BlackElo "2290"]
[Annotator "ChessBase"]
[PlyCount "78"]
[EventDate "2019.12.05"]
[EventType "swiss"]
[EventCountry "EST"]
[SourceTitle "playchess.com"]
[Source "ChessBase"]
[SourceQuality "1"]
[TimeControl "900+10"]

1. Nf3 {[%emt 0:04:17]} Nf6 {[%emt 0:00:00]} 2. c4 {[%emt 0:00:01]} e6 {[%emt 0:00:00]} 3. Nc3 {[%emt 0:00:01]} d5 {[%emt 0:00:00]} 4. d4 {[%emt 0:00:02]} c6 {[%emt 0:00:02]} 5. e3 {[%emt 0:00:05]} Nbd7 {[%emt 0:00:04]} 6. Qc2 {[%emt 0:00:02]} Bd6 {[%emt 0:00:03]} 7. b3 {[%emt 0:00:10]} O-O {[%emt 0:00:06]} 8. Be2 {[%emt 0:00:02]} b6 {[%emt 0:00:02]} 9. O-O {[%emt 0:00:02]} Bb7 {[%emt 0:00:01]} 10. Bb2 {[%emt 0:00:04]} Qe7 {[%emt 0:00:14]} 11. Rfe1 {[%emt 0:00:02]} Rfe8 {[%emt 0:00:02]} 12. e4 {[%emt 0:01:52]} Nxe4 {[%emt 0:00:25]} 13. Nxe4 {[%emt 0:00:03]} dxe4 {[%emt 0:00:03]} 14. Qxe4 {[%emt 0:00:02]} Bb4 {[%emt 0:02:05]} 15. Red1 {[%emt 0:00:27]} Bd6 {[%emt 0:00:29]} 16. Bd3 {[%emt 0:03:02]} f5 {[%emt 0:00:37]} 17. Qe3 {[%emt 0:00:34]} Rad8 {[%emt 0:01:10]} 18. Re1 {[%emt 0:00:01]} c5 {[%emt 0:01:41]} 19. Rad1 {[%emt 0:00:07]} Qf7 {[%emt 0:06:57]} 20. Be2 {[%emt 0:03:49]} cxd4 {[%emt 0:02:08]} 21. Qxd4 {[%emt 0:00:22]} Bb4 {[%emt 0:00:50]} 22. Rf1 {[%emt 0:00:17]} Bxf3 {[%emt 0:00:46]} 23. Bxf3 {[%emt 0:00:07]} e5 {[%emt 0:00:01]} 24. Qd5 {[%emt 0:01:55]} e4 {[%emt 0:00:04]} 25. Be2 {[%emt 0:00:00]} Qxd5 {[%emt 0:00:46]} 26. Rxd5 {[%emt 0:00:02]} Nc5 {[%emt 0:00:01]} 27. Rfd1 {[%emt 0:00:24]} Nd3 {[%emt 0:00:24]} 28. Rxd8 {[%emt 0:01:11]} Rxd8 {[%emt 0:00:01]} 29. Kf1 {[%emt 0:00:19]} Bc5 {[%emt 0:00:30]} 30. Bc3 {[%emt 0:00:10]} Kf7 {[%emt 0:00:15]} 31. Bxd3 {[%emt 0:00:12]} exd3 {[%emt 0:00:05]} 32. b4 {[%emt 0:00:11]} Be7 {[%emt 0:00:03]} 33. Ke1 {[%emt 0:00:07]} Rc8 {[%emt 0:00:23]} 34. Rxd3 {[%emt 0:00:06]} Rxc4 {[%emt 0:00:00]} 35. a3 {[%emt 0:00:12]} a5 {[%emt 0:00:16]} 36. bxa5 {[%emt 0:00:13]} bxa5 {[%emt 0:00:00]} 37. Bxa5 {[%emt 0:00:19]} Ra4 {[%emt 0:00:05]} 38. Bb4 {[%emt 0:00:15]} Bxb4+ {[%emt 0:00:06]} 39. axb4 {[%emt 0:00:01]} Rxb4 {[%emt 0:00:01]} 1/2-1/2

[Event "EIRCC 2019"]
[Site "Tallinn"]
[Date "2019.12.05"]
[Round "3.18"]
[White "Meyer, Falko"]
[Black "Kulaots, Kaido"]
[Result "0-1"]
[WhiteElo "2248"]
[BlackElo "2544"]
[Annotator "ChessBase"]
[PlyCount "56"]
[EventDate "2019.12.05"]
[EventType "swiss"]
[EventCountry "EST"]
[SourceTitle "playchess.com"]
[Source "ChessBase"]
[SourceQuality "1"]
[TimeControl "900+10"]

1. d4 {[%emt 0:00:00]} Nf6 {[%emt 0:00:00]} 2. Nc3 {[%emt 0:00:00]} d5 {[%emt 0:00:03]} 3. Bg5 {[%emt 0:00:00]} Nbd7 {[%emt 0:00:35]} 4. Qd3 {[%emt 0:00:00]} h6 {[%emt 0:00:24]} 5. Bf4 {[%emt 0:00:02]} c6 {[%emt 0:01:07]} 6. Nf3 {[%emt 0:00:37]} g6 {[%emt 0:00:10]} 7. Ne5 {[%emt 0:00:26]} Bg7 {[%emt 0:00:18]} 8. f3 {[%emt 0:00:10]} O-O {[%emt 0:01:13]} 9. h4 {[%emt 0:00:11]} Nh5 {[%emt 0:01:25]} 10. Bh2 {[%emt 0:00:03]} e6 {[%emt 0:01:05]} 11. O-O-O {[%emt 0:02:35]} Qxh4 {[%emt 0:00:25]} 12. Nxd7 {[%emt 0:00:16]} Bxd7 {[%emt 0:00:03]} 13. g4 {[%emt 0:00:24]} Ng3 {[%emt 0:00:15]} 14. Bxg3 {[%emt 0:00:45]} Qxg3 {[%emt 0:01:41]} 15. e4 {[%emt 0:00:38]} a5 {[%emt 0:01:00]} 16. e5 {[%emt 0:00:11]} c5 {[%emt 0:01:47]} 17. Ne2 {[%emt 0:00:41]} Qf2 {[%emt 0:00:01]} 18. dxc5 {[%emt 0:00:02]} Bxe5 {[%emt 0:01:17]} 19. Rxh6 {[%emt 0:00:46]} Rac8 {[%emt 0:00:22]} 20. Kb1 {[%emt 0:02:34]} Rxc5 {[%emt 0:00:21]} 21. f4 {[%emt 0:02:06]} Bg7 {[%emt 0:00:40]} 22. Rh3 {[%emt 0:00:05]} Ba4 {[%emt 0:00:56]} 23. b3 {[%emt 0:00:31]} Bb5 {[%emt 0:01:02]} 24. Qg3 {[%emt 0:00:01]} Qxg3 {[%emt 0:00:13]} 25. Nxg3 {[%emt 0:00:02]} Rfc8 {[%emt 0:00:16]} 26. Rh2 {[%emt 0:00:12]} Bxf1 {[%emt 0:00:27]} 27. Rxf1 {[%emt 0:00:02]} a4 {[%emt 0:00:09]} 28. Rg2 {[%emt 0:00:22]} Rc3 {[%emt 0:00:36]} 0-1

[Event "EIRCC 2019"]
[Site "Tallinn"]
[Date "2019.12.05"]
[Round "3.19"]
[White "Saric, Ante"]
[Black "Nasibullin, Iskander"]
[Result "1-0"]
[WhiteElo "2538"]
[BlackElo "2270"]
[Annotator "ChessBase"]
[PlyCount "61"]
[EventDate "2019.12.05"]
[EventType "swiss"]
[EventCountry "EST"]
[SourceTitle "playchess.com"]
[Source "ChessBase"]
[SourceQuality "1"]
[TimeControl "900+10"]

1. g3 {[%emt 0:00:00]} d5 {[%emt 0:00:31]} 2. Nf3 {[%emt 0:00:00]} Nf6 {[%emt 0:00:02]} 3. Bg2 {[%emt 0:00:00]} b6 {[%emt 0:00:16]} 4. c4 {[%emt 0:00:13]} e6 {[%emt 0:00:18]} 5. cxd5 {[%emt 0:00:17]} Nxd5 {[%emt 0:00:55]} 6. O-O {[%emt 0:02:14]} Bb7 {[%emt 0:00:49]} 7. Qa4+ {[%emt 0:00:25]} c6 {[%emt 0:00:03]} 8. d4 {[%emt 0:00:07]} Be7 {[%emt 0:00:14]} 9. e4 {[%emt 0:00:04]} Nf6 {[%emt 0:00:05]} 10. Nc3 {[%emt 0:00:01]} O-O {[%emt 0:00:27]} 11. Rd1 {[%emt 0:00:14]} Nbd7 {[%emt 0:01:33]} 12. Bf4 {[%emt 0:00:06]} b5 {[%emt 0:01:21]} 13. Qc2 {[%emt 0:00:03]} Nb6 {[%emt 0:00:15]} 14. Ne5 {[%emt 0:00:15]} Qc8 {[%emt 0:01:30]} 15. Rac1 {[%emt 0:00:10]} Nfd7 {[%emt 0:01:13]} 16. Nd3 {[%emt 0:02:07]} a6 {[%emt 0:00:38]} 17. Nb1 {[%emt 0:00:44]} Rd8 {[%emt 0:00:41]} 18. Nd2 {[%emt 0:00:05]} Nf6 {[%emt 0:01:10]} 19. Nb3 {[%emt 0:00:10]} Nc4 {[%emt 0:00:18]} 20. Ndc5 {[%emt 0:01:20]} Nd7 {[%emt 0:02:24]} 21. Nxd7 {[%emt 0:01:02]} Rxd7 {[%emt 0:00:51]} 22. Bf1 {[%emt 0:00:35]} e5 {[%emt 0:01:40]} 23. dxe5 {[%emt 0:01:25]} Rxd1 {[%emt 0:00:15]} 24. Rxd1 {[%emt 0:01:23]} Nb6 {[%emt 0:00:02]} 25. Na5 {[%emt 0:00:53]} c5 {[%emt 0:00:31]} 26. Be3 {[%emt 0:00:19]} Rb8 {[%emt 0:00:53]} 27. b4 {[%emt 0:01:03]} Qc7 {[%emt 0:00:21]} 28. Bh3 {[%emt 0:00:43]} c4 {[%emt 0:00:10]} 29. e6 {[%emt 0:00:27]} fxe6 {[%emt 0:00:13]} 30. Bxe6+ {[%emt 0:00:04]} Kh8 {[%emt 0:00:02]} 31. Bf4 {[%emt 0:00:01]} 1-0

[Event "EIRCC 2019"]
[Site "Tallinn"]
[Date "2019.12.05"]
[Round "3.20"]
[White "Stocek, Jiri"]
[Black "Martynov, Roman"]
[Result "1/2-1/2"]
[WhiteElo "2532"]
[BlackElo "2269"]
[Annotator "ChessBase"]
[PlyCount "105"]
[EventDate "2019.12.05"]
[EventType "swiss"]
[EventCountry "EST"]
[SourceTitle "playchess.com"]
[Source "ChessBase"]
[SourceQuality "1"]
[TimeControl "900+10"]

1. d4 {[%emt 0:00:00]} Nf6 {[%emt 0:00:00]} 2. c4 {[%emt 0:00:00]} e6 {[%emt 0:00:00]} 3. Nc3 {[%emt 0:00:00]} Bb4 {[%emt 0:00:07]} 4. e3 {[%emt 0:00:00]} O-O {[%emt 0:00:07]} 5. Bd3 {[%emt 0:00:02]} c5 {[%emt 0:00:53]} 6. Nge2 {[%emt 0:00:11]} cxd4 {[%emt 0:00:44]} 7. exd4 {[%emt 0:00:03]} d5 {[%emt 0:00:01]} 8. cxd5 {[%emt 0:00:03]} Nxd5 {[%emt 0:00:32]} 9. O-O {[%emt 0:00:04]} Nc6 {[%emt 0:00:10]} 10. a3 {[%emt 0:00:07]} Be7 {[%emt 0:00:38]} 11. Bc2 {[%emt 0:00:29]} b6 {[%emt 0:01:45]} 12. Qd3 {[%emt 0:00:03]} Nf6 {[%emt 0:00:17]} 13. Bg5 {[%emt 0:00:12]} g6 {[%emt 0:00:04]} 14. Rad1 {[%emt 0:00:21]} Bb7 {[%emt 0:00:02]} 15. Rfe1 {[%emt 0:00:21]} Rc8 {[%emt 0:00:07]} 16. Qh3 {[%emt 0:00:55]} Re8 {[%emt 0:01:55]} 17. Bh6 {[%emt 0:01:08]} Bf8 {[%emt 0:00:44]} 18. Bxf8 {[%emt 0:00:27]} Rxf8 {[%emt 0:00:24]} 19. Nf4 {[%emt 0:00:06]} Ne7 {[%emt 0:01:44]} 20. Qg3 {[%emt 0:02:24]} Ned5 {[%emt 0:01:05]} 21. Ncxd5 {[%emt 0:04:42]} Rxc2 {[%emt 0:01:11]} 22. Nb4 {[%emt 0:00:20]} Rc8 {[%emt 0:00:46]} 23. h4 {[%emt 0:00:09]} Ne4 {[%emt 0:02:52]} 24. Qg4 {[%emt 0:01:08]} Nf6 {[%emt 0:00:13]} 25. Qh3 {[%emt 0:00:53]} a5 {[%emt 0:00:30]} 26. Nbd3 {[%emt 0:00:12]} Qxd4 {[%emt 0:00:18]} 27. Nxe6 {[%emt 0:01:20]} fxe6 {[%emt 0:00:13]} 28. Ne5 {[%emt 0:00:02]} Qc5 {[%emt 0:00:53]} 29. Qxe6+ {[%emt 0:00:09]} Kh8 {[%emt 0:00:03]} 30. Nf7+ {[%emt 0:01:08]} Kg7 {[%emt 0:00:14]} 31. Nd6 {[%emt 0:00:10]} Rc7 {[%emt 0:00:20]} 32. Rc1 {[%emt 0:00:47]} Qxc1 {[%emt 0:00:36]} 33. Rxc1 {[%emt 0:00:01]} Rxc1+ {[%emt 0:00:01]} 34. Kh2 {[%emt 0:00:02]} Rc7 {[%emt 0:00:09]} 35. Qe5 {[%emt 0:00:47]} Rd7 {[%emt 0:00:22]} 36. g4 {[%emt 0:00:18]} Rxd6 {[%emt 0:00:27]} 37. Qxd6 {[%emt 0:00:03]} Nxg4+ {[%emt 0:00:01]} 38. Kg1 {[%emt 0:00:05]} Bf3 {[%emt 0:00:23]} 39. Kf1 {[%emt 0:00:22]} Rf6 {[%emt 0:00:16]} 40. Qc7+ {[%emt 0:00:07]} Rf7 {[%emt 0:00:08]} 41. Qc3+ {[%emt 0:00:14]} Kh6 {[%emt 0:00:06]} 42. Qd2+ {[%emt 0:00:06]} Kg7 {[%emt 0:00:00]} 43. Qc3+ {[%emt 0:00:07]} Kg8 {[%emt 0:00:12]} 44. Qc8+ {[%emt 0:00:09]} Rf8 {[%emt 0:00:05]} 45. Qc4+ {[%emt 0:00:21]} Kg7 {[%emt 0:00:13]} 46. Qc7+ {[%emt 0:00:11]} Rf7 {[%emt 0:00:06]} 47. Qc3+ {[%emt 0:00:03]} Kg8 {[%emt 0:00:12]} 48. Qc8+ {[%emt 0:00:02]} Kg7 {[%emt 0:00:09]} 49. Qc3+ {[%emt 0:00:02]} Rf6 {[%emt 0:00:11]} 50. Qc7+ {[%emt 0:00:02]} Kg8 {[%emt 0:00:09]} 51. Qc8+ {[%emt 0:00:05]} Kg7 {[%emt 0:00:11]} 52. Qc7+ {[%emt 0:00:02]} Rf7 {[%emt 0:00:29]} 53. Qc3+ 1/2-1/2

[Event "EIRCC 2019"]
[Site "Tallinn"]
[Date "2019.12.05"]
[Round "3.21"]
[White "Valner, Uku"]
[Black "Belyakov, Bogdan"]
[Result "0-1"]
[WhiteElo "2243"]
[BlackElo "2520"]
[Annotator "TA"]
[PlyCount "172"]
[EventDate "2019.12.05"]
[EventType "swiss"]
[EventCountry "EST"]
[SourceTitle "playchess.com"]
[Source "ChessBase"]
[SourceQuality "1"]

{[%evp 16,172,-43,-39,0,-21,-21,-18,-16,-16,-16,-27,-25,-25,-18,-28,-28,-24,-22,-56,-56,-53,-55,-46,-38,-52,-49,-153,-37,-37,-30,-39,-24,-33,-24,-33,-32,-32,-18,-35,-32,-37,-30,-30,-27,-47,-14,-22,-8,-4,-4,-9,-5,-25,-6,-26,-3,-3,-2,-2,0,0,0,0,0,-1,0,0,-1,0,-2,-8,0,-8,0,0,0,0,0,0,0,0,0,0,0,0,0,0,0,0,0,-22,-44,-82,-83,-366,-8,-598,-592,-568,0,-8,-8,-8,-8,-8,-8,-8,-8,-584,-580,-29959,-29961,-29962,-29963,-29961,-29964,-29968,-29968,-29968,-29970,-29977,-29978,-29978,-29979,-29983,-29978,-29977,-29979,-29977,-29977,-29981,-29982,-29979,-29978,-29981,-29981,-29981,-29976,-29975,-29977,-29985,-29986,-29986,-29987,-29987,-29988,-29988,-29988,-29988,-29985,-29989,-29990,-29990,-29989,-29996,-29997,-29997,-29998]} 1. e4 Nc6 2. Nf3 e5 3. Bc4 Bc5 4. O-O Nf6 5. d4 Bxd4 6. Nxd4 Nxd4 7. f4 d6 8. fxe5 dxe5 9. Bg5 Rg8 {C50: Hungarian Defence and Giuoco Pianissimo} (9... Be6 10. Na3 Qe7 11. c3 Nc6 12. Kh1 h6 13. Bxf6 gxf6 14. Bb3 Rg8 15. Nc2 Rg6 16. Ne3 Rd8 17. Qe2 a6 {½-½ (54) Saric,I (2680)-Miton,K (2601) Doha 2014}) 10. c3 $146 ({Predecessor:} 10. Na3 Qe7 11. Kh1 Bd7 12. Qe1 Ne6 13. Bh4 g5 14. Bf2 Bc6 15. Nb5 a6 16. Bxe6 fxe6 17. Nc3 {0-1 (32) Ristic,N (2417)-Glud,J (2511) Marseille 2016}) 10... Ne6 11. Qxd8+ Kxd8 {The position is equal.} 12. Bxf6+ gxf6 13. Rxf6 Ke7 14. Rh6 Ng5 15. Nd2 Rg6 $36 {[%mdl 2048] Black fights for an advantage.} 16. Rxg6 hxg6 17. Nf3 Nxf3+ 18. gxf3 $15 {[%mdl 4096] Endgame KRB-KRB} Bh3 19. Rd1 Rh8 20. Rd2 f6 21. Kf2 (21. b4 $15) 21... g5 (21... Be6 $17 22. Bxe6 Rxh2+ 23. Ke3 Rxd2 24. Kxd2 Kxe6) 22. Kg3 Rh4 23. a3 Bc8 24. Bf1 Be6 25. Rd1 Rf4 26. Rd2 a5 27. Be2 Rh4 28. Bf1 Rh8 29. Rd1 c6 30. Rd2 b5 31. Rd1 Bd7 32. Rd2 Rh6 33. Rd1 Rh4 34. Rd2 Rh8 35. Rd1 Rb8 36. Bh3 Be8 37. Bg4 b4 38. axb4 axb4 39. cxb4 Rxb4 40. Rd2 c5 41. h4 gxh4+ 42. Kxh4 Rd4 43. Rh2 Kd6 44. Bh5 Bc6 45. Bg4 c4 46. Kh5 Be8+ 47. Kh6 Ke7 48. Kg7 Bd7 49. Bxd7 Rxd7 $11 {KR-KR} 50. Rc2 Rd3 51. Rxc4 Rxf3 52. Rc7+ Kd6 53. Rb7 f5 54. exf5 Rxf5 55. Kg6 $2 {[%mdl 8192]} (55. Rb6+ $17 Kd5 56. Kg6) 55... Rf2 $2 (55... Rf8 $1 $19 {Threatens to win with ...e4.} 56. Rb6+ Kd5) 56. b4 $2 {[%mdl 8192]} (56. Rb8 $11 {and White is okay.}) 56... e4 $19 57. Rb8 {[#]} Kd5 $2 (57... Ke7 $1 $19 58. Rb5 Ke6) 58. Rd8+ Kc4 {And now ...e3 would win.} 59. Re8 Kd3 {Strongly threatening ...e3.} 60. Rd8+ Ke3 {Threatening ...Rb2.} 61. b5 Rb2 62. Rb8 $2 {[%mdl 8192]} (62. Rd5 $11 {and White has nothing to worry.}) 62... Kf2 63. b6 e3 {Black mates.} 64. b7 {[#]} e2 $1 (64... Rb6+ 65. Kh5 $11) 65. Rf8+ Kg3 66. Re8 Kf3 67. Rf8+ Kg4 68. b8=Q Rxb8 69. Rxb8 e1=Q {KQ-KR} 70. Rf8 Qe4+ 71. Kf6 Kf4 72. Rf7 Qc6+ 73. Ke7+ Ke5 74. Kf8 Qh6+ 75. Ke7 Qd6+ 76. Ke8 Qb4 ({Worse is} 76... Ke6 77. Rf6+ Kxf6 $11) 77. Rc7 Kd6 78. Re7 Qg4 {[%cal Rg4g8]} 79. Kf8 Qc8+ 80. Re8 Qf5+ 81. Kg7 Qg5+ 82. Kf7 Kd7 83. Rh8 Qf5+ 84. Kg7 Ke7 85. Rh7 Qg4+ 86. Kh6+ Kf6 {Accuracy: White = 47%, Black = 51%.} 0-1

[Event "EIRCC 2019"]
[Site "Tallinn"]
[Date "2019.12.05"]
[Round "3.22"]
[White "Lintchevski, Daniil"]
[Black "Kanep, Siim"]
[Result "1-0"]
[WhiteElo "2515"]
[BlackElo "2260"]
[Annotator "ChessBase"]
[PlyCount "129"]
[EventDate "2019.12.05"]
[EventType "swiss"]
[EventCountry "EST"]
[SourceTitle "playchess.com"]
[Source "ChessBase"]
[SourceQuality "1"]
[TimeControl "900+10"]

1. e4 {[%emt 0:00:02]} c5 {[%emt 0:00:00]} 2. Nf3 {[%emt 0:00:03]} d6 {[%emt 0:00:00]} 3. d4 {[%emt 0:00:01]} cxd4 {[%emt 0:00:00]} 4. Nxd4 {[%emt 0:00:03]} Nf6 {[%emt 0:00:00]} 5. Nc3 {[%emt 0:00:02]} a6 {[%emt 0:00:00]} 6. Be3 {[%emt 0:00:16]} e5 {[%emt 0:00:00]} 7. Nf3 {[%emt 0:00:02]} Be7 {[%emt 0:00:02]} 8. Bc4 {[%emt 0:00:02]} O-O {[%emt 0:00:07]} 9. O-O {[%emt 0:00:02]} Nc6 {[%emt 0:00:21]} 10. Qe2 {[%emt 0:01:38]} Be6 {[%emt 0:00:41]} 11. Bb3 {[%emt 0:00:01]} Rc8 {[%emt 0:00:12]} 12. Rfd1 {[%emt 0:00:07]} h6 {[%emt 0:01:38]} 13. Nd5 {[%emt 0:01:06]} Bxd5 {[%emt 0:01:02]} 14. Bxd5 {[%emt 0:00:02]} Qc7 {[%emt 0:01:53]} 15. c3 {[%emt 0:00:18]} Na5 {[%emt 0:01:30]} 16. a4 {[%emt 0:02:23]} Nc4 {[%emt 0:00:48]} 17. Bxc4 {[%emt 0:00:03]} Qxc4 {[%emt 0:00:02]} 18. Qxc4 {[%emt 0:00:02]} Rxc4 {[%emt 0:00:00]} 19. Nd2 {[%emt 0:00:01]} Rcc8 {[%emt 0:00:43]} 20. c4 {[%emt 0:00:05]} Ng4 {[%emt 0:00:44]} 21. b3 {[%emt 0:00:01]} Nxe3 {[%emt 0:00:11]} 22. fxe3 {[%emt 0:00:02]} Rc5 {[%emt 0:02:44]} 23. Kf2 {[%emt 0:01:09]} b5 {[%emt 0:01:27]} 24. axb5 {[%emt 0:01:14]} axb5 {[%emt 0:00:01]} 25. Ra7 {[%emt 0:00:02]} Bg5 {[%emt 0:00:39]} 26. Rb7 {[%emt 0:00:04]} bxc4 {[%emt 0:00:30]} 27. Nxc4 {[%emt 0:00:04]} f5 {[%emt 0:00:25]} 28. Rxd6 {[%emt 0:01:11]} f4 {[%emt 0:01:36]} 29. Ke2 {[%emt 0:00:58]} fxe3 {[%emt 0:00:22]} 30. Nxe3 {[%emt 0:00:04]} Bxe3 {[%emt 0:00:48]} 31. Kxe3 {[%emt 0:00:01]} Rc3+ {[%emt 0:00:01]} 32. Kd2 {[%emt 0:01:18]} Rc5 {[%emt 0:00:18]} 33. Rg6 {[%emt 0:02:01]} Rd8+ {[%emt 0:00:44]} 34. Ke1 {[%emt 0:00:01]} Rc2 {[%emt 0:00:30]} 35. Rgxg7+ {[%emt 0:00:22]} Kh8 {[%emt 0:00:18]} 36. Rh7+ {[%emt 0:00:30]} Kg8 {[%emt 0:00:01]} 37. Rbg7+ Kf8 38. Rc7 {[%emt 0:00:08]} Rxg2 {[%emt 0:00:25]} 39. Rh8+ {[%emt 0:00:21]} Rg8 {[%emt 0:00:01]} 40. Rxh6 {[%emt 0:00:02]} Rd4 {[%emt 0:00:21]} 41. Rh4 {[%emt 0:00:41]} Rb4 {[%emt 0:00:31]} 42. Rc3 {[%emt 0:01:17]} Rg2 {[%emt 0:00:10]} 43. Kf1 {[%emt 0:00:21]} Rb2 {[%emt 0:00:01]} 44. Rh7 {[%emt 0:00:02]} Rb1+ {[%emt 0:00:11]} 45. Kf2 {[%emt 0:00:19]} Rb2+ {[%emt 0:00:01]} 46. Kf3 {[%emt 0:00:01]} R2xb3 47. Rxb3 {[%emt 0:00:01]} Rxb3+ {[%emt 0:00:01]} 48. Kg4 {[%emt 0:00:01]} Kg8 {[%emt 0:00:48]} 49. Rh3 {[%emt 0:00:08]} Rb5 {[%emt 0:00:10]} 50. Kf5 {[%emt 0:00:02]} Kg7 {[%emt 0:00:01]} 51. Rd3 {[%emt 0:00:26]} Rb2 {[%emt 0:00:16]} 52. Rg3+ {[%emt 0:00:54]} Kf7 {[%emt 0:00:02]} 53. Rh3 {[%emt 0:00:01]} Rb5 {[%emt 0:00:17]} 54. Rh7+ {[%emt 0:00:07]} Kg8 {[%emt 0:00:05]} 55. Rh6 {[%emt 0:00:15]} Kf7 {[%emt 0:00:05]} 56. h4 {[%emt 0:00:11]} Ra5 {[%emt 0:00:09]} 57. h5 {[%emt 0:00:27]} Ra1 {[%emt 0:00:22]} 58. Kxe5 {[%emt 0:00:19]} Kg7 {[%emt 0:00:07]} 59. Rg6+ {[%emt 0:00:18]} Kh7 {[%emt 0:00:03]} 60. Rg2 {[%emt 0:00:15]} Ra5+ {[%emt 0:00:07]} 61. Kf6 {[%emt 0:00:02]} Ra6+ {[%emt 0:00:09]} 62. Kf5 {[%emt 0:00:02]} Ra5+ {[%emt 0:00:03]} 63. e5 {[%emt 0:00:02]} Kh6 {[%emt 0:00:05]} 64. Kf6 {[%emt 0:00:02]} Ra3 {[%emt 0:00:12]} 65. e6 {[%emt 0:00:10]} 1-0

[Event "EIRCC 2019"]
[Site "Tallinn"]
[Date "2019.12.05"]
[Round "3.23"]
[White "Burg, Brent"]
[Black "Pershin, Denis"]
[Result "0-1"]
[WhiteElo "2236"]
[BlackElo "2509"]
[Annotator "ChessBase"]
[PlyCount "56"]
[EventDate "2019.12.05"]
[EventType "swiss"]
[EventCountry "EST"]
[SourceTitle "playchess.com"]
[Source "ChessBase"]
[SourceQuality "1"]
[TimeControl "900+10"]

1. d4 {[%emt 0:00:00]} Nf6 {[%emt 0:00:22]} 2. Nf3 {[%emt 0:00:00]} d5 {[%emt 0:00:09]} 3. g3 {[%emt 0:00:00]} c6 {[%emt 0:00:18]} 4. Bg2 {[%emt 0:00:00]} g6 {[%emt 0:00:04]} 5. O-O {[%emt 0:00:00]} Bg7 {[%emt 0:00:02]} 6. c4 {[%emt 0:00:01]} O-O {[%emt 0:00:03]} 7. Nbd2 {[%emt 0:00:25]} a5 {[%emt 0:00:15]} 8. b3 {[%emt 0:00:42]} Bf5 {[%emt 0:00:01]} 9. Bb2 {[%emt 0:00:06]} Qd7 {[%emt 0:01:53]} 10. Re1 {[%emt 0:01:15]} Ne4 {[%emt 0:01:34]} 11. Nh4 {[%emt 0:05:18]} Nxd2 {[%emt 0:01:17]} 12. Qxd2 {[%emt 0:00:24]} Bh3 {[%emt 0:00:12]} 13. Rad1 {[%emt 0:01:26]} Bxg2 {[%emt 0:00:05]} 14. Nxg2 {[%emt 0:00:35]} a4 {[%emt 0:00:01]} 15. e4 {[%emt 0:00:39]} dxe4 {[%emt 0:01:12]} 16. Rxe4 {[%emt 0:00:02]} axb3 {[%emt 0:00:01]} 17. axb3 {[%emt 0:00:01]} e6 {[%emt 0:00:01]} 18. Ree1 {[%emt 0:00:39]} Na6 {[%emt 0:00:21]} 19. Nf4 {[%emt 0:00:40]} Rfd8 {[%emt 0:00:15]} 20. d5 {[%emt 0:00:59]} Bxb2 {[%emt 0:01:10]} 21. Qxb2 {[%emt 0:00:00]} exd5 {[%emt 0:00:00]} 22. cxd5 {[%emt 0:00:00]} Qf5 {[%emt 0:04:59]} 23. Re5 {[%emt 0:00:57]} Qf6 {[%emt 0:00:02]} 24. h4 {[%emt 0:00:53]} Nb4 {[%emt 0:01:49]} 25. Nh5 {[%emt 0:02:55]} Qh8 {[%emt 0:00:01]} 26. d6 {[%emt 0:00:08]} Nd5 {[%emt 0:00:58]} 27. Rde1 {[%emt 0:00:01]} Nf6 {[%emt 0:00:47]} 28. d7 Nxd7 {[%emt 0:00:58]} 0-1